| 000 | 01827cam a2200337 i 4500 | ||
|---|---|---|---|
| 001 | 35474 | ||
| 003 | Mx-PuUPA | ||
| 005 | 20240125155115.0 | ||
| 008 | 140415s1823 mx a gr 000 0 spa d | ||
| 040 |
_cMx-PuUPA _aMx-PuUPA _bspa _dMx-PuUPA _erda |
||
| 041 | 0 | _aspa | |
| 100 | 1 |
_aBecerra Tanco, Luis, _d1602-1672, _91617 _eautor |
|
| 245 | 1 | 0 |
_aFelicidad de México : _ben la admirable aparición de la Virgen María Nuestra Señora de Guadalupe, y el origen de su milagrosa imagen / _csu autor, El Br. Luis Becerra Tanto, Presbítero |
| 250 | _aReimprímela un devoto amante de esta soberana Reina, en obsequio suyo. | ||
| 264 | 3 |
_aImpresa en Mexico : _bImprenta del Supremo Gobierno, _c1823 |
|
| 300 |
_a104 páginas : _bilustraciones ; _c8º (15 cm.) |
||
| 336 |
_2rdacontent _atexto _btxt |
||
| 337 |
_2rdamedia _asin medio _bn |
||
| 338 |
_2rdacarrier _avolumen _bnc |
||
| 500 | _aNotas a pié de página. | ||
| 500 | _aLa ilustración calca representa a la Virgen De Guadalupe, después de la portada. | ||
| 505 | 0 | _aNovena a María Santísima de Guadalupe, especial abogada contra la peste / Manuel Antonio Alonso Martinez -- Devoción a María Santísima Nuestra Señora, mui util y provechosa para sus devotos de las tres Ave Marias / Antonio Linaz de Jesús. María. | |
| 600 | 0 |
_aVirgen de Guadalupe _xApariciones y milagros |
|
| 650 | 7 | _2armarc | |
| 700 | 1 | 2 |
_aAntonio Linaz de Jesús María, _tDevoción a María Santísima Nuestra Señora, mui util y provechosa para sus devotos de las tres Ave Marias. |
| 700 | 1 | 2 |
_aAlonso Martínez, Manuel Antonio, _tNovena a María Santísima de Guadalupe, especial abogada contra la peste. |
| 710 | 2 |
_aImprenta del Supremo Gobierno, _eimpresor |
|
| 942 |
_2ddc _cLI _h232.9317 _iB388 |
||
| 999 |
_c35474 _d35474 |
||